000 00275nam a2200109Ia 4500
001 588801
005 20250717120838.0
008 250717s9999 xx 000 0 und d
245 0 _aV-13 SEYDİ ALİ REİS
_cİSMAİL BİLGİN
260 _bTİMAŞ YAYINLARI
_c2018
300 _b89
999 _c588801
_d588801